Paesi che non riconoscono la Palestina - Statistics

Statistiche generali
  • Questo quiz è stato fatto 48 volte
  • Il punteggio medio è 21 su 36
Statistiche sulle risposte
Continente Nazione % Corretto
Europa Italia
100%
America del Nord Stati Uniti
95%
Europa Germania
90%
Europa Belgio
80%
Oceania Nuova Zelanda
78%
Europa Paesi Bassi
75%
Europa Estonia
73%
Europa Lituania
73%
Europa Austria
70%
Asia Giappone
70%
Europa Lettonia
70%
Europa Danimarca
68%
Europa Svizzera
68%
Oceania Tuvalu
68%
Oceania Figi
65%
Oceania Isole Salomone
63%
Oceania Palau
63%
Europa Finlandia
60%
Asia Israele
60%
Oceania Nauru
60%
Oceania Samoa
60%
Oceania Isole Marshall
58%
Oceania Kiribati
55%
Europa Grecia
53%
Oceania Tonga
53%
Asia Corea del Sud
50%
Oceania Stati Federati di Micronesia
50%
Europa Croazia
45%
Europa Macedonia del Nord
45%
Europa Liechtenstein
40%
Europa Moldavia
38%
America del Nord Panama
33%
Africa Eritrea
30%
Africa Camerun
18%
Asia Singapore
15%
Asia Myanmar
13%
Nessun quiz corrispondente trovato
Distribuzione punteggi
Percentuale di utenti per punteggio
Percentile per numero di risposta
I tuoi punteggi nel tempo
Non hai fatto questo quiz